00290 a2200133 450000100060000002000180000604000220002410000180004624000290006424500240009330000070011736200090012465000230013360677 a9788538001225 cAnchieta - Pituba aDominic, Marc10aTruques de mágicalpor10aTruques de mágica a640 a2007 4aLiteratura juvenil